REsponse of the rubber clone Fx 3864 to fertilizers in Southern Bahia, Brazil (Record no. 45715)

MARC details
000 -LEADER
fixed length control field 00369nam a2200133Ia 4500
100 ## - MAIN ENTRY--AUTHOR NAME
Personal name Reis EL
245 #0 - TITLE STATEMENT
Title REsponse of the rubber clone Fx 3864 to fertilizers in Southern Bahia, Brazil
260 ## - PUBLICATION, DISTRIBUTION, ETC. (IMPRINT)
Name of publisher Revista Theobroma
Year of publication 1985
300 ## - PHYSICAL DESCRIPTION
Number of Pages 19-26
700 ## - ADDED ENTRY--PERSONAL NAME
Personal name Rosand Cabala P
700 ## - ADDED ENTRY--PERSONAL NAME
Personal name Santana CJLde
942 ## - ADDED ENTRY ELEMENTS (KOHA)
Koha item type Reprints
Holdings
Withdrawn status Lost status Damaged status Not for loan Home library Current library Date acquired Serial Enumeration / chronology Koha item type
      Reprints RRII Library RRII Library 22/12/2021 Volume 15, Issue 1 Reprints